Modlitba k svätému lotrovi

Bibliographic Details
Main Author: Mihálik, Vojtech, 1926-2001 (Author)
Format: Article
Language:Slovak
ISSN:1335-3470
Subjects:

MARC

LEADER 00000nab a2200000 a 4500
001 vtls000777434
003 SK-MaSNL
005 20260302152801.0
008 140512c2001 xo 0 slo
015 |a SNBRB2001/12-35168 
035 |a CLN000129219 
040 |a SNKBUCL  |b slo  |c SNKBUCL  |e AACR2 
041 0 |a slo 
044 |a xo  |c SK 
080 |a 885.4-1  |2 1997 
080 |a 885.4-97  |2 1997 
100 1 |a Mihálik, Vojtech,  |d 1926-2001  |4 aut  |9 13821 
245 1 0 |a Modlitba k svätému lotrovi  |c Vojtech Mihálik 
500 |a Datované 1946, 1947 
505 1 |a Rím -- Modlitba k svätému lotrovi -- Veriaci -- Katarzis -- Rozlúčka -- Nehodná duša spieva -- Ľúbiť bez miery -- Dvadsaťročný Jób 
650 0 7 |a meditatívne básne, slovenské  |2 snkbucl  |9 28788 
655 7 |a články z novín a časopisov  |2 snkbucl  |9 267496 
773 0 |t Kultúra  |g Roč. 4, č. 24 (2001), s. 8  |x 1335-3470 
850 |a Slovenská národná knižnica v Martine 
852 |a SNK  |b KIS3GCP 
958 |a SK 
958 |a LX 
992 |a RBX 
999 |c 1363471  |d 1365401